Titans of War (Record no. 228069)
[ view plain ]
| 000 -LEADER | |
|---|---|
| fixed length control field | 01561nam a22002297a 4500 |
| 005 - DATE AND TIME OF LATEST TRANSACTION | |
| control field | 20260202150513.0 |
| 008 - FIXED-LENGTH DATA ELEMENTS--GENERAL INFORMATION | |
| fixed length control field | 230722b ||||| |||| 00| 0 eng d |
| 020 ## - INTERNATIONAL STANDARD BOOK NUMBER | |
| International Standard Book Number | 9781838776343 |
| 040 ## - CATALOGING SOURCE | |
| Transcribing agency | AL |
| 041 ## - LANGUAGE CODE | |
| Language code of text/sound track or separate title | English |
| 082 ## - DEWEY DECIMAL CLASSIFICATION NUMBER | |
| Edition number | 23 |
| Classification number | 813.54 |
| Item number | SMIT |
| 100 ## - MAIN ENTRY--PERSONAL NAME | |
| Personal name | Wilbur Smith |
| 100 ## - MAIN ENTRY--PERSONAL NAME | |
| 9 (RLIN) | 253566 |
| 245 ## - TITLE STATEMENT | |
| Title | Titans of War |
| 260 ## - PUBLICATION, DISTRIBUTION, ETC. | |
| Place of publication, distribution, etc. | UK |
| Name of publisher, distributor, etc. | Bonnier |
| Date of publication, distribution, etc. | 2023 |
| 300 ## - PHYSICAL DESCRIPTION | |
| Extent | 403 p. |
| Other physical details | PB |
| Dimensions | 19x13 cm. |
| 365 ## - TRADE PRICE | |
| Price type code | BLCR-000024 |
| Price amount | ₹399.00 |
| Currency code | ₹ |
| Unit of pricing | ₹499.00 |
| Price note | 20% |
| Price effective from | 14-07-2023 |
| 520 ## - SUMMARY, ETC. | |
| Summary, etc. | A RUTHLESS ENEMY. A CIVILIZATION IN RUINS. A QUEST FOR SALVATION.<br/><br/>For over fifty years Egypt has known nothing but war and devastation at the hands of the Hyksos, a bloodthirsty barbarian people from the distant east who continue to advance, crushing armies in their wake. Times are desperate, but throughout the conflict, a brave resistance fights on under the great Taita, a slave who has risen far beyond his ranks.<br/>Piay, entrusted into Taita's care by his parents at the age of just five, has been trained to become a great spy, unmatched by any other. Determined to prove his worth, he embarks on a dangerous mission to the north - to Mycenae and through the heart of Hyksos land and across the great sea - to find allies to help defend Egypt. As the situation becomes increasingly precarious, and the fate of the kingdom is hanging in the balance, can Piay succeed in his quest or will this mean the end of the glory that is Egypt once and for all?<br/> |
| 650 ## - SUBJECT ADDED ENTRY--TOPICAL TERM | |
| Topical term or geographic name entry element | Fiction |
| 9 (RLIN) | 128108 |
| 650 ## - SUBJECT ADDED ENTRY--TOPICAL TERM | |
| Topical term or geographic name entry element | Fantasy |
| 9 (RLIN) | 128109 |
| 700 ## - ADDED ENTRY--PERSONAL NAME | |
| Personal name | Chadbourn, Mark |
| 9 (RLIN) | 128111 |
| 942 ## - ADDED ENTRY ELEMENTS (KOHA) | |
| Source of classification or shelving scheme | Dewey Decimal Classification |
| Koha item type | Book |
| Withdrawn status | Lost status | Source of classification or shelving scheme | Damaged status | Not for loan | Collection code | Home library | Current library | Shelving location | Date acquired | Source of acquisition | Cost, normal purchase price | Total Checkouts | Full call number | Barcode | Date last seen | Cost, replacement price | Price effective from | Koha item type |
|---|---|---|---|---|---|---|---|---|---|---|---|---|---|---|---|---|---|---|
| Dewey Decimal Classification | General | St Aloysius Library | St Aloysius Library | Stack Section | 07/20/2023 | Navakarnataka Publications Pvt Ltd | 399.00 | 813.54 SMIT | 076587 | 07/22/2023 | 499.00 | 07/22/2023 | Book |